| 000 | 00590nam a2200229Ia 4500 | ||
|---|---|---|---|
| 003 | OSt | ||
| 005 | 20221005122523.0 | ||
| 006 | a|||||r|||| 00| 0 | ||
| 007 | ta | ||
| 008 | 221004b |||||||| |||| 00| 0 mal d | ||
| 024 | _a59079 | ||
| 037 | _cTextual | ||
| 040 |
_aCRL _cCRL _bmal |
||
| 041 |
_2mal _amal |
||
| 082 | _aV212y7N28, 32L6.2 | ||
| 100 |
_aNair Srikantan Au. _9632132 |
||
| 245 | 0 | _aKaghihakala chitrangal Pt.2 | |
| 260 | _c1976 | ||
| 650 | _aHISTORY | ||
| 942 |
_hV212y7N28, 32L6.2 _cTEXL _2cc |
||
| 999 |
_c1044548 _d1044548 |
||